<?xml version="1.0" encoding="UTF-8"?>
<collection xmlns="http://www.loc.gov/MARC21/slim">
 <record>
  <leader>00836nam a2200181 a 4500</leader>
  <controlfield tag="001">1/53317</controlfield>
  <controlfield tag="008">210820s1996    gr            000 | gre d</controlfield>
  <datafield tag="040" ind1=" " ind2=" ">
   <subfield code="a">GR-PeUP</subfield>
  </datafield>
  <datafield tag="082" ind1="0" ind2="0">
   <subfield code="a">324.2209495 ΣΑΠ</subfield>
  </datafield>
  <datafield tag="100" ind1="1" ind2=" ">
   <subfield code="a">Σαπρανίδης, Δημήτρης.</subfield>
  </datafield>
  <datafield tag="245" ind1="1" ind2="0">
   <subfield code="a">Καλημέρα Αντρέα! Γειά Σου Κώστα... :</subfield>
   <subfield code="b">το τέλος μιας εποχής /</subfield>
   <subfield code="c">Δημήτρης Σαπρανίδης.</subfield>
  </datafield>
  <datafield tag="260" ind1=" " ind2=" ">
   <subfield code="a">Αθήνα :</subfield>
   <subfield code="b">Εκδόσεις Θ. Χριστόπουλος,</subfield>
   <subfield code="c">1996.</subfield>
  </datafield>
  <datafield tag="300" ind1=" " ind2=" ">
   <subfield code="a">429 σ. </subfield>
   <subfield code="c">22 εκ.</subfield>
  </datafield>
  <datafield tag="600" ind1="1" ind2="0">
   <subfield code="a">Παπανδρέου, Ανδρέας Γ.</subfield>
   <subfield code="d">1919-1996.</subfield>
  </datafield>
  <datafield tag="600" ind1="1" ind2="4">
   <subfield code="a">Καραμανλής Κωνσταντίνος,</subfield>
   <subfield code="d">1907-1998.</subfield>
  </datafield>
  <datafield tag="650" ind1=" " ind2="4">
   <subfield code="a">Πολιτικοί, Έλληνες.</subfield>
  </datafield>
  <datafield tag="650" ind1=" " ind2="0">
   <subfield code="a">Politicians</subfield>
   <subfield code="z">Greece.</subfield>
  </datafield>
  <datafield tag="852" ind1=" " ind2=" ">
   <subfield code="a">INST</subfield>
   <subfield code="b">UNIPILB</subfield>
   <subfield code="c">MAIN</subfield>
   <subfield code="e">20210820</subfield>
   <subfield code="h">324.2209495 ΣΑΠ</subfield>
   <subfield code="p">00183271</subfield>
   <subfield code="q">00183271</subfield>
   <subfield code="t">LOAN</subfield>
   <subfield code="y">0</subfield>
   <subfield code="4">1</subfield>
  </datafield>
 </record>
</collection>
